00449cam a22001932 4500001001100000005001700011008004100028020001500069040001500084245002700099250001300126260003100139300001600170500002100186650003900207852000300246852000300249852000300252000001885420151217161147.0100809s xx 000 0 eng d a0199211777 aKABUcKABU10aDictionary of nursing. a5th ed. aOxford :bO. U. P.,c2008. aix, 589 p. aWith supplement. 0aNursingvDictionaries.@00001777341 1 1